000
00322nam a2200133Ia 4500
005
20260326100032.0
008
260326s9999||||xx |||||||||||||| ||und||
100
_a
Stokoe, James
245
0
_a
Decorative and ornamental Brickwork /
_c
James Stokoe
260
_b
Dover
300
_a
87 p.
650
_a
FACHADAS
942
_c
BK
999
_c
6659
_d
6659